| 000 | 00586nam a22001937a 4500 | ||
|---|---|---|---|
| 005 | 20251108164036.0 | ||
| 008 | 250721s1999 xx 000 0 ara d | ||
| 082 | 1 | 4 | _a216,534/منص |
| 100 | 1 | _aمنصور، محمد خالد | |
| 245 | 1 | 0 | _aالأحكام الطبية المتعلقة بالنساء في الفقه الإسلامي / |
| 250 | _aط 2 | ||
| 264 | 1 |
_aعمان : _bدار النفائس، _c1999. |
|
| 300 | _a247ص. | ||
| 650 | 1 | 7 | _aالفقه الإسلامي |
| 650 | 1 | 7 | _aالمرأة المسلمة |
| 650 | 1 | 7 | _aالطب |
| 942 |
_2ddc _cBK |
||
| 999 |
_c2144 _d2144 |
||